Państwa, których flagi zawierają księżyc - Statystyki

Ogólne statystyki
  • Ten quiz został rozwiązany 506 razy
  • Średni wynik to 7 z 13
Statystyki odpowiedzi
Odpowiedź % Poprawnych
Turcja
97%
Tunezja
77%
Algieria
71%
Pakistan
71%
Turkmenistan
64%
Uzbekistan
61%
Libia
55%
Azerbejdżan
50%
Mauretania
48%
Malezja
43%
Singapur
39%
Malediwy
38%
Komory
30%
Nie znaleziono quizów pasujących do podanych kryteriów
Rozkład punktacji
Procent ludzi z każdym wynikiem
Percentyl według liczby udzielonych odpowiedzi
Twoja historia wyników
Nie rozwiązałeś tego quizu